000
00296nam a2200121Ia 4500
008
190216s9999||||xx |||||||||||||| ||und||
100
_a
Samuel Richardson Reld
245
0
_a
"Mergers,Managers,And The Economy"
260
_b
Mcgraw -hill
_c
1968
300
_a
302p
650
_a
Commerce
942
_c
BK
999
_c
4518
_d
4518